Modern corporate finance : (Record no. 197717)

MARC details
000 -LEADER
fixed length control field 00797nam a2200229Ia 4500
005 - DATE AND TIME OF LATEST TRANSACTION
control field 20230210102913.0
008 - FIXED-LENGTH DATA ELEMENTS--GENERAL INFORMATION
fixed length control field 210716s2003 xx 000 0 und d
020 ## - INTERNATIONAL STANDARD BOOK NUMBER
International Standard Book Number 8129700298
040 ## - CATALOGING SOURCE
Transcribing agency AIMIT LIBRARY
041 ## - LANGUAGE CODE
Language code of text/sound track or separate title eng
082 ## - DEWEY DECIMAL CLASSIFICATION NUMBER
Classification number 658.152
Edition number 1
Item number SHAA
100 ## - MAIN ENTRY--PERSONAL NAME
Personal name Shapiro, Alan C.
9 (RLIN) 71773
245 ## - TITLE STATEMENT
Title Modern corporate finance :
Remainder of title multidisciplinary approach to value creation /
Statement of responsibility, etc. By Alan C Shapiro and Sheldon D Balbirer.
250 ## - EDITION STATEMENT
Edition statement 1st ed.
260 ## - PUBLICATION, DISTRIBUTION, ETC.
Place of publication, distribution, etc. New Delhi :
Name of publisher, distributor, etc. Pearson Education ,
Date of publication, distribution, etc. 2003.
300 ## - PHYSICAL DESCRIPTION
Extent xxix,545p. ;
Other physical details PB
Dimensions 23.5 cm
650 ## - SUBJECT ADDED ENTRY--TOPICAL TERM
Topical term or geographic name entry element Evaluting a firm's financial codition
9 (RLIN) 71774
650 ## - SUBJECT ADDED ENTRY--TOPICAL TERM
Topical term or geographic name entry element Options and corporate finance
9 (RLIN) 71775
650 ## - SUBJECT ADDED ENTRY--TOPICAL TERM
Topical term or geographic name entry element Bond and stoock valuation
9 (RLIN) 71776
700 ## - ADDED ENTRY--PERSONAL NAME
Personal name Balbirer, Sheldon D.
9 (RLIN) 71777
942 ## - ADDED ENTRY ELEMENTS (KOHA)
Source of classification or shelving scheme Dewey Decimal Classification
Koha item type Book
Edition 1st
Call number prefix 658.152 SHAA
Holdings
Withdrawn status Lost status Source of classification or shelving scheme Damaged status Not for loan Collection code Home library Current library Date acquired Cost, normal purchase price Inventory number Total Checkouts Full call number Barcode Date last seen Cost, replacement price Price effective from Koha item type
    Dewey Decimal Classification     MBA St Aloysius Institute of Management & Information Technology St Aloysius Institute of Management & Information Technology 04/07/2004 275.00 Bill no:5935; Bill dt:2004-03-30   658.152 SHAA MBA00198 05/23/2026 220.00 07/16/2021 Book
    Dewey Decimal Classification     MBA St Aloysius Institute of Management & Information Technology St Aloysius Institute of Management & Information Technology 04/15/2004 275.00 2022-03-24   658.152 SHAA MBA00282 05/23/2026 220.00 07/16/2021 Book